ARRUPE JESUIT UNIVERSITY

CORONAVIRUS -STOP THE SPREAD - CLEAN,DISINFECT,COVER
Normal view MARC view

Entry Geographic Name

Number of records used in: 4

001 - CONTROL NUMBER

  • control field: 32360

003 - CONTROL NUMBER IDENTIFIER

  • control field: ARRUPE

005 - DATE AND TIME OF LATEST TRANSACTION

  • control field: 20170608141532.0

008 - FIXED-LENGTH DATA ELEMENTS

  • fixed length control field: 170608|| aca||aabn | a|a d

040 ## - CATALOGING SOURCE

  • Original cataloging agency: ARRUPE
  • Transcribing agency: ARRUPE

151 ## - HEADING--GEOGRAPHIC NAME

  • Geographic name: Greece
  • General subdivision: Civilization
  • General subdivision: Egyptian influences.

670 ## - SOURCE DATA FOUND

  • Source citation: Work cat.: (ARRUPE)6219: Lefkowitz, Mary R., 1935- 32359, Not out of Africa :, c1996.

 

Arrupe Library. PO Box MP320 Mt Pleasant, Harare, Zimbabwe
263 242 745411|librarian@aju.ac.zw